Quiz sur la Vendée - Statistiques

Statistiques générales
  • Ce quiz a été pris 5 524 fois
  • Le résultat moyen est 12 sur 18
Statistiques - réponses
Question Réponse % Correct
Numéro du département 85
96%
Région à laquelle il appartient Pays de la Loire
95%
Préfecture et plus grande ville La Roche-sur-Yon
93%
Course à la voile, en solitaire et sans escale, qui a lieu tous les 4 ans Vendée Globe
85%
Parc de loisirs à thématique historique, situé sur la commune des Épesses Puy du Fou
80%
Sous-préfecture qui est le principal port du département Les Sables-d'Olonne
76%
Île principalement connue pour ses mimosas et ses marais salants Noirmoutier
73%
Seconde île de Vendée, où Philippe Pétain fut exilé jusqu'à sa mort Île d'Yeu
65%
Politicien souverainiste qui est à l'origine de ce projet Philippe de {Villiers}
64%
Commune dont le club amateur a atteint la finale de la Coupe de France 2018 Les Herbiers
60%
Artiste décalé qui a écrit une chanson à cette occasion, s'opposant àFrancis Lalanne (même s'il est surtout connu pour Louxor j'adore) Philippe Katerine
57%
Régime politique défendu par Chouans et Vendéens lors des Guerres de l'Ouest Monarchie
55%
Personnalité politique vendéenne qui se faisait appeler « le Tigre » Georges Clemenceau
52%
Troisième ville du département qui en est la capitale culinaire (ses spécialités sont surtout des plats à base de canard) C{hallans}
50%
Golfe qui borde le département à l'ouest Golfe de {Gascogne}
50%
Nom de celle-ci jusqu'en 1870, d'après le dirigeant qui en a fait « sa » ville Napoléon
47%
Sous-préfecture qui était le chef-lieu jusqu'à ce que ce dernier s'y oppose Fontenay-le-Comte
42%
Ancienne province qui regroupait la Vendée, les Deux-Sèvres et la Vienne Poitou
41%
Aucun quiz correspondant
Distribution des résultats
% des personnes avec chaque résultat
Percentile par nombre de réponses
Votre historique - résultats
Vous n’avez pas pris ce quiz